01719nam a2200349 i 4500001000300000100002500003245009300028246007000121260007000191300002800261490024800289500011700537504002600654546001900680650004000699650002300739650003900762650003400801650003500835830009300870830010600963015001801069040000801087041001301095044000801108080002701116942000701143008004101150999001701191856009801208952006301306bg1 aSzymanek, Arkadiusz.10aOdsiarczanie spalin aktywowanymi mechanicznie odpadami wapniowymi /cArkadiusz Szymanek.15aFlue gas desulphurisation using mechanically activated lime waste aWrocław :bOficyna Wydawnicza Politechniki Wrocławskiej,c2008. a107 s. :bil. ;c24 cm.1 aPrace Naukowe Instytutu Inżynierii Ochrony Środowiska Politechniki Wrocławskiej. Monografie =aScientific Papers of the Institute of Environment Protection Engineering of the Wrocław University of Technology. Monographs,x0084-2869 ;v51 aTyt. równol.: The flue gas desulphurisation using mechanically activated lime waste. Numeracja serii gł.: 86. aBibliogr. s. 102-105. aStreszcz. ang. 9aDwutlenek siarkixunieszkodliwianie 9aSpalanie fluidalne 9aSpalinyxunieszkodliwianiexmetody 9aWapńxstosowaniexprzemysł 9aWęgiel kamiennyxtechnologia 0aPrace Naukowe Instytutu Inżynierii Ochrony Środowiska Politechniki Wrocławskiejv86 0aPrace Naukowe Instytutu Inżynierii Ochrony Środowiska Politechniki Wrocławskiej.pMonografiev51 aPB 24343/2008 cBPK0 apolbeng aPOL a662.6:628.5:669.88/.89 cKS090519s2008 pl a |000 0 pol  c56379d56379 uhttp://koha.tu.koszalin.pl/cgi-bin/koha/opac-detail.pl?biblionumber=56379yKatalog online BPK 00104071aELBUDbELBUDcbo91089p02471525t66 Pc.TcyKS